| 000 | 01019nam a2200289Ia 4500 | ||
|---|---|---|---|
| 003 | OSt | ||
| 005 | 20220923213701.0 | ||
| 006 | a|||||r|||| 00| 0 | ||
| 007 | ta | ||
| 008 | 220922b |||||||| |||| 00| 0 hin d | ||
| 020 | _c12 | ||
| 024 | _a163,987 | ||
| 037 | _cTextual | ||
| 040 |
_aARTS _cARTS _bhin |
||
| 041 |
_2hin _ahin |
||
| 082 | _aO152,1N177x, K4 | ||
| 100 | _aमुक्तिबोध, गजानन माधव | ||
| 245 | 0 | _aचांद का मुंह टेढ़ा है | |
| 246 | _aChāanda kā muanha ṭeढ़ā hai | ||
| 250 | _aसंस्क 2 | ||
| 260 |
_aदिल्ली _b भारतीय ज्ञानपीठ _c1964 |
||
| 300 |
_a270पृ. _ccm. |
||
| 490 | _aज्ञानपीठ लोकोदय गं्रथमाला; 201 | ||
| 650 |
_aहिन्दी साहित्य _9156264 |
||
| 942 |
_hO152,1N177x, K4 _cTEXL _2CC |
||
| 999 |
_c318467 _d318467 |
||